000 01078pam a2200301 a 4500
001 2052898
003 OSt
005 20211013160512.0
008 931102s1995 njua b 001 0 eng
010 _a 93043819
020 _a0205140912
040 _aDLC
_cDLC
_dDLC
050 0 0 _aHF5415.2
_b.C69 1995
082 0 0 _a658.83 / C894m/ 1995
_220
100 1 _aCrask, Melvin.
_92594
245 1 0 _aMarketing research :
_bprinciples and applications /
_cMelvin Crask, Richard J. Fox, Roy G. Stout.
250 _a1st Edn.
260 _aEnglewood Cliffs, N.J. :
_bPrentice Hall,
_cc1995.
300 _a1 v. (various pagings) :
_bill. (some col.) ;
_c25 cm.
504 _aIncludes bibliographical references and index.
650 0 _aMarketing research.
_91336
700 1 _aFox, Richard J.
_92595
700 1 _aStout, R. Gene.
_92596
906 _a7
_bcbc
_corignew
_d1
_eocip
_f19
_gy-gencatlg
942 _2ddc
_cBK
999 _c6182
_d6183